| 000 | 00817nam a2200241 u 4500 | ||
|---|---|---|---|
| 005 | 20240229063542.0 | ||
| 008 | 080722s2006 es r 000 0 spa d | ||
| 020 | _a8426361595 | ||
| 035 | _aUPN01000157850 | ||
| 049 | _aI | ||
| 050 | 4 |
_aPZ76.3 _bK4.2 |
|
| 100 | 1 |
_aKeselman, Gabriela, _d1953- _931735 |
|
| 245 | 1 | 3 |
_aEl chichón de Pino / _cGabriela Keselman, Teresa Novoa. |
| 260 |
_aZaragoza, Esp. : _bEdelvives, _cc2006. |
||
| 300 |
_a[24] p. : _bprincipalmente il. col. + _e1 CD-ROM ; 4 3/4 plg. |
||
| 440 | 0 |
_aPino ; _v1 |
|
| 500 | _aSolicita el CD-ROM en la Sala Infantil | ||
| 650 | 7 |
_aAnimales _vLiteratura infantil _2 _91061 |
|
| 650 | 4 |
_aPINGUINOS - _vCUENTOS Y LEYENDAS _910808 |
|
| 650 | 4 |
_aLiteratura infantil argentina _97511 |
|
| 700 | 1 |
_aNovoa, Teresa, _d1955- _ecoaut. _939032 |
|
| 905 | _aInfantil | ||
| 999 |
_c129964 _d129964 |
||